Classical mechanics (Record no. 18483)

MARC details
000 -LEADER
fixed length control field 00559nam a2200205Ia 4500
003 - CONTROL NUMBER IDENTIFIER
control field IN-BaIIA
008 - FIXED-LENGTH DATA ELEMENTS--GENERAL INFORMATION
fixed length control field 211028s9999 xx 000 0 eng d
020 ## - INTERNATIONAL STANDARD BOOK NUMBER
International Standard Book Number 978-0-074-60315-4
040 ## - CATALOGING SOURCE
Transcribing agency IIA Library
080 ## - UNIVERSAL DECIMAL CLASSIFICATION NUMBER
Universal Decimal Classification number 531
Item number RAN
100 ## - MAIN ENTRY--PERSONAL NAME
Personal name Rana, Narayan Chandra
9 (RLIN) 17596
245 #0 - TITLE STATEMENT
Title Classical mechanics
Statement of responsibility, etc. Narayan Chandra Rana and P. S. Joag
250 ## - EDITION STATEMENT
Edition statement 32nd rep.
260 ## - PUBLICATION, DISTRIBUTION, ETC.
Place of publication, distribution, etc. New Delhi
Name of publisher, distributor, etc. Tata McGraw-Hill
Date of publication, distribution, etc. 2012
300 ## - PHYSICAL DESCRIPTION
Extent XX, 607p.
650 ## - SUBJECT ADDED ENTRY--TOPICAL TERM
Topical term or geographic name entry element Mechanics
650 ## - SUBJECT ADDED ENTRY--TOPICAL TERM
Topical term or geographic name entry element Physics
9 (RLIN) 73
700 ## - ADDED ENTRY--PERSONAL NAME
Personal name Joag, Pramod Sharadchandra
9 (RLIN) 35513
942 ## - ADDED ENTRY ELEMENTS (KOHA)
Koha item type Books
Holdings
Withdrawn status Lost status Damaged status Not for loan Home library Current library Shelving location Date acquired Source of acquisition Cost, normal purchase price Total Checkouts Full call number Barcode Date last seen Cost, replacement price Price effective from Koha item type Purchase Price
        IIA Library-Bangalore IIA Library-Bangalore General Stacks 11/01/2013 INT 450.00   531/ RAN 19405 05/11/2021 450.00 11/01/2013 Books Rs. 450.00

Powered by Koha